[Event "World School-ch U17 Girls 6th"]
[Site "Kayseri"]
[Date "2010.07.26"]
[Round "8"]
[White "Abeywardena, NT."]
[Black "Olenina, Aysa"]
[Result "0-1"]
[WhiteElo "1702"]
[BlackElo "2039"]
[PlyCount "118"]
[EventDate "2010.07.21"]
[EventType "tourn"]
[EventRounds "11"]
[EventCountry "TUR"]
[SourceTitle "CBM 137 Extra"]
[Source "ChessBase"]
[SourceDate "2010.09.01"]
[SourceVersion "1"]
[SourceVersionDate "2010.09.01"]
[SourceQuality "1"]

1. d4 Nf6 2. c4 e6 3. Nc3 Bb4 4. Qc2 0-0 5. e4 d5 6. e5 Nfd7 7. Bd3 h6 8. cxd5 exd5 9. a3 Bxc3+ 10. bxc3 c5 11. Ne2 Nc6 12. 0-0 c4 13. Bf5 Ne7 14. Bg4 Nb6 15. Bxc8 Qxc8 16. a4 Nc6 17. a5 Nd7 18. Nf4 Qd8 19. Ba3 Re8 20. Bd6 Nf6 21. Qf5 Ne4 22. Nxd5 Nxd6 23. exd6 Qxd6 24. Ne3 Qc7 25. Qc5 Qf4 26. Qxc4 Rad8 27. Qb5 Rb8 28. Rfd1 a6 29. Qb3 Ne7 30. Qc2 Rbc8 31. Ra4 Qc7 32. c4 Nc6 33. Nd5 Qd6 34. g3 Re6 35. Qd2 Rce8 36. Ne3 Re4 37. c5 Qd7 38. Rc4 f5 39. d5 Ne5 40. Qc2 Nxc4 41. Nxc4 Re1+ 42. Kg2 f4 43. Nd6 Qg4 44. h3 Qxd1 45. Qxd1 Rxd1 46. Nxe8 Rxd5 47. Nd6 Rxc5 48. Nxb7 Rb5 49. Nd6 Rxa5 50. gxf4 Rd5 51. Nc8 Kf7 52. Kf3 a5 53. Nb6 Rb5 54. Nc4 Ke6 55. Kg4 a4 56. h4 h5+ 57. Kg3 Rb4 58. Ne3 Rb3 59. Kg2 Rxe3 0-1

[Event "World School-ch U17 Girls 6th"]
[Site "Kayseri"]
[Date "2010.07.23"]
[Round "4"]
[White "Enkhtuul, Altanulzii"]
[Black "Abeywardena, NT."]
[Result "1-0"]
[WhiteElo "2151"]
[BlackElo "1702"]
[PlyCount "89"]
[EventDate "2010.07.21"]
[EventType "tourn"]
[EventRounds "11"]
[EventCountry "TUR"]
[SourceTitle "CBM 137 Extra"]
[Source "ChessBase"]
[SourceDate "2010.09.01"]
[SourceVersion "1"]
[SourceVersionDate "2010.09.01"]
[SourceQuality "1"]

1. Nf3 Nf6 2. g3 b6 3. Bg2 Bb7 4. c4 e6 5. 0-0 d6 6. Nc3 Nbd7 7. a3 Be7 8. d3 0-0 9. b4 c5 10. Bb2 Qc8 11. Qb3 d5 12. b5 Rd8 13. a4 dxc4 14. dxc4 Qc7 15. Rfd1 Nf8 16. Na2 Ne4 17. Be5 Bd6 18. Bxd6 Nxd6 19. Nc3 Ng6 20. h4 Nf5 21. h5 Nge7 22. Qa2 Nd4 23. h6 Nef5 24. hxg7 Nxf3+ 25. exf3 Nd4 26. Ne4 Qe5 27. f4 Qxg7 28. Nf6+ Qxf6 29. Bxb7 Rab8 30. Bg2 Qg6 31. Re1 Qc2 32. Be4 Qxa2 33. Rxa2 Nb3 34. f5 Nd2 35. fxe6 fxe6 36. Bc6 Kf7 37. a5 Kf6 38. axb6 axb6 39. Ra7 Nxc4 40. Rxh7 Rd6 41. Re4 Na5 42. Rf4+ Kg6 43. Be4+ Kg5 44. Rg7+ Kh5 45. Rh4# 1-0

[Event "World School-ch U17 Girls 6th"]
[Site "Kayseri"]
[Date "2010.07.22"]
[Round "2"]
[White "Sanal, Suna"]
[Black "Abeywardena, NT."]
[Result "1/2-1/2"]
[WhiteElo "1713"]
[BlackElo "1702"]
[PlyCount "130"]
[EventDate "2010.07.21"]
[EventType "tourn"]
[EventRounds "11"]
[EventCountry "TUR"]
[SourceTitle "CBM 137 Extra"]
[Source "ChessBase"]
[SourceDate "2010.09.01"]
[SourceVersion "1"]
[SourceVersionDate "2010.09.01"]
[SourceQuality "1"]

1. e4 c6 2. d4 d5 3. exd5 cxd5 4. Bd3 Nf6 5. Ne2 e6 6. c3 Bd6 7. 0-0 Qc7 8. f4 0-0 9. Nd2 b6 10. Nf3 Bb7 11. Ne5 Ne4 12. Qe1 Nd7 13. Ng3 f5 14. Nxe4 fxe4 15. Be2 Nf6 16. Be3 Rac8 17. Kh1 a6 18. g4 Qe7 19. Qg3 b5 20. a3 Nd7 21. Rf2 Bxe5 22. fxe5 Rxf2 23. Qxf2 Rf8 24. Qg2 Nb6 25. Rf1 Nc4 26. Bc1 Bc6 27. Rxf8+ Qxf8 28. Qf1 Qe7 29. g5 Be8 30. h4 Bg6 31. Bg4 Qd7 32. Qf4 Bf5 33. Bd1 Qe7 34. Qf2 Qc7 35. Kg1 g6 36. Be2 Qb6 37. Bd1 Qc7 38. Be2 Qb6 39. h5 Qc7 40. hxg6 hxg6 41. Qh2 Nxa3 42. bxa3 Qxc3 43. Qf4 Qxd4+ 44. Kg2 Qc3 45. a4 Qc2 46. Kf1 Qxa4 47. Qd2 d4 48. Bb2 d3 49. Bd1 Qc4 50. Qc3 Qxc3 51. Bxc3 Kf7 52. Kf2 Ke7 53. Ke3 Kd7 54. Kd4 Kc6 55. Ba5 Kb7 56. Kc5 Bh3 57. Bd2 Kc7 58. Ba5+ Kb7 59. Bd2 Kc7 60. Be3 Bf5 61. Kb4 Kc6 62. Ka5 Kb7 63. Kb4 Kc6 64. Ka5 Kb7 65. Kb4 Kc6 1/2-1/2